00493nam a2200145Ia 4500008004100000041000800041082001400049100002100063245004500084260003800129300003200167365000900199999001700208952012200225240624s9999 xx 000 0 und d aeng a332.6 CAS aCASABONA PATRICK aINVESTMENT PRICING METHODS A GUIDE FOR A c2002aNew YorkbJohn Wiley & Sons axvii, : 360 : p. : cm. ; 23 cb26 c20128d20128 00104070aIMTNbIMTNcRack 7-Bd2012-10-09eTBg160.00o332.6 CASp20128r2024-06-24 00:00:00t58.6w2024-06-24yBK